Diary of a Korean Zen monk (Record no. 1112692)

MARC details
000 -LEADER
fixed length control field 00948nam a2200313Ia 4500
003 - CONTROL NUMBER IDENTIFIER
control field OSt
005 - DATE AND TIME OF LATEST TRANSACTION
control field 20221006160212.0
008 - FIXED-LENGTH DATA ELEMENTS--GENERAL INFORMATION
fixed length control field 221006b |||||||| |||| 00| 0 eng d
020 ## - INTERNATIONAL STANDARD BOOK NUMBER
International Standard Book Number 9788974795887
037 ## - SOURCE OF ACQUISITION
Terms of availability Textual
040 ## - CATALOGING SOURCE
Original cataloging agency EASL
Transcribing agency EASL
Language of cataloging eng
041 ## - LANGUAGE CODE
Source of code eng
Language code of text/sound track or separate title eng
100 ## - MAIN ENTRY--PERSONAL NAME
Personal name Jiheo Ven
9 (RLIN) 672370
245 #0 - TITLE STATEMENT
Title Diary of a Korean Zen monk
260 ## - PUBLICATION, DISTRIBUTION, ETC.
Place of publication, distribution, etc. Korea
Name of publisher, distributor, etc. Bulkwang Publishing Korea
Date of publication, distribution, etc. 2010
300 ## - PHYSICAL DESCRIPTION
Extent 144p.
Dimensions cm.
490 ## - SERIES STATEMENT
Volume/sequential designation KEL
650 ## - SUBJECT ADDED ENTRY--TOPICAL TERM
Topical term or geographic name entry element KEL
650 ## - SUBJECT ADDED ENTRY--TOPICAL TERM
Topical term or geographic name entry element Korea - Ecology of the Seonbang
9 (RLIN) 672371
650 ## - SUBJECT ADDED ENTRY--TOPICAL TERM
Topical term or geographic name entry element Korea - Sangwonsa temple
9 (RLIN) 672372
700 ## - ADDED ENTRY--PERSONAL NAME
Personal name Kwon Jong Tr.
9 (RLIN) 672373
700 ## - ADDED ENTRY--PERSONAL NAME
Personal name Tedesco Frank Tr.
9 (RLIN) 672374
942 ## - ADDED ENTRY ELEMENTS (KOHA)
Classification part Q4956.495, Q0
Koha item type Textual
Source of classification or shelving scheme Colon Classification (CC)
Holdings
Withdrawn status Lost status Source of classification or shelving scheme Damaged status Not for loan Home library Current library Date acquired Source of acquisition Serial Enumeration / chronology Total Checkouts Full call number Barcode Date last seen Price effective from Koha item type
    Colon Classification (CC)     Department of East Asian Studies Library Department of East Asian Studies Library 2022-10-06 Gift, Window on Korea KEL   Q4956.495 Q0 EA1397355 2022-10-06 2022-10-06 Textual
Copyright @ Delhi University Library System